LEADER 01616nam a2200349 i 4500 001 000000230780 003 CaOOAMICUS 005 20140618000000.0 008 140618s2014 it u000 u ita u 013 $a209682 020 $a978-88-215-9175-4 040 $aSeMil$bita 100 0 $aFranciscus I,$c.$0(OLS)http://semarc/name/2737 245 13$aLa Chiesa della misericordia /$cPapa Francesco ; a cura di Giuliano Vigini. 260 $aCinisello Balsamo :$bSan Paolo,$c2014. 300 $a191 p. ;$c21 cm. 500 $aRaccolta di omelie e discorsi. - Dono di don Romano Martinelli. 650 4$aMisericordia divina.$0(OLS)http://semarc/subject/9121 650 4$aCristianesimo - Sec. 21. - Meditazioni.$0(OLS)http://semarc/subject/35960 650 4$aFrancesco I - Meditazioni.$0(OLS)http://semarc/subject/40599 650 4$aFrancesco I - Scritti, discorsi, omelie, lettere pastorali, etc.$0(OLS)http://semarc/subject/44574 700 1 $aVigini, Giuliano,$d<1946- >.$0(OLS)http://semarc/name/6731 850 $aSeMil 852 $aSeMil$W1$xVenegono$y1$m2A II 308$j181126$B181126$CSeMilBibl$Z2$F191961 $81 900 1 $aBergoglio, Jorge Mario,$d<1936-2025>. 900 0 $aFrancesco I$c. 961 $aOmaggio: Martinelli don Romano 996 $6020$a978-88-215-9175-4$9(OLS)http://semarc/number/233715 996 $6245$aLa Chiesa della misericordia$9(OLS)http://semarc/title/329696 996 $6260$aCinisello Balsamo :$bSan Paolo$9(OLS)http://semarc/publisher/30129 LEADER 01127nam a2200265 i 4500 001 000000128049 003 CaOOAMICUS 005 20040713000000.0 008 040713s1967 it u000 u ita u 013 $a100766 040 $aSeMil$bita 100 1 $aPierce, John Robinson.$0(OLS)http://semarc/name/53298 240 10$aQuantum Electronics.$0(OLS)http://semarc/title/189149 245 10$aElettronica quantica :$bTransistor, maser, laser /$cJohn R. Pierce. 260 $aBologna :$bZanichelli,$ccopyr. 1967. 300 $a128 p. :$bill. ;$c19 cm. 490 0 $aBiblioteca di monografie scientifiche [Zanichelli]$ ;$v27 500 $aContiene : Appendice. 650 4$aTeoria dei quanti.$0(OLS)http://semarc/subject/10707 830 0$aBiblioteca di monografie scientifiche ;$v27.$0(OLS)http://semarc/title/21034 850 $aSeMil 852 $aSeMil$W1$xVenegono$y1$m3X I 43$j82283$B82283$CSeMilBibl$Z2$F84550 $81 961 $aOmaggio: Altro 996 $6245$aElettronica quantica :$bTransistor, maser, laser$9(OLS)http://semarc/title/189148 996 $6260$aBologna :$bZanichelli$9(OLS)http://semarc/publisher/29934